<?xml version="1.0" encoding="UTF-8"?>
<record
    xmlns:xsi="http://www.w3.org/2001/XMLSchema-instance"
    xsi:schemaLocation="http://www.loc.gov/MARC21/slim http://www.loc.gov/standards/marcxml/schema/MARC21slim.xsd"
    xmlns="http://www.loc.gov/MARC21/slim">

  <leader>00587nam a2200181Ia 4500</leader>
  <controlfield tag="008">090201s9999    xx            000 0 und d</controlfield>
  <datafield tag="010" ind1=" " ind2=" ">
    <subfield code="a">KPL-66021</subfield>
  </datafield>
  <datafield tag="040" ind1=" " ind2=" ">
    <subfield code="b">&#x92E;&#x930;&#x93E;&#x920;&#x940;</subfield>
  </datafield>
  <datafield tag="041" ind1=" " ind2=" ">
    <subfield code="a">&#x92E;&#x930;&#x93E;&#x920;&#x940;</subfield>
  </datafield>
  <datafield tag="082" ind1=" " ind2=" ">
    <subfield code="a">1431</subfield>
    <subfield code="b">66021</subfield>
  </datafield>
  <datafield tag="100" ind1=" " ind2=" ">
    <subfield code="a">  &#x930;&#x91C;&#x928;&#x940;&#x936;</subfield>
  </datafield>
  <datafield tag="245" ind1=" " ind2=" ">
    <subfield code="a">&#x938;&#x902;&#x92D;&#x94B;&#x917;&#x93E;&#x924;&#x941;&#x928; &#x938;&#x92E;&#x93E;&#x927;&#x940;&#x915;&#x921;&#x947;</subfield>
    <subfield code="c">  &#x930;&#x91C;&#x928;&#x940;&#x936;</subfield>
  </datafield>
  <datafield tag="250" ind1=" " ind2=" ">
    <subfield code="a">2</subfield>
  </datafield>
  <datafield tag="260" ind1=" " ind2=" ">
    <subfield code="c">1972</subfield>
    <subfield code="b">&#x91C;&#x940;&#x935;&#x928; &#x91C;&#x93E;&#x917;&#x943;&#x924;&#x940; &#x915;&#x947;&#x902;&#x926;&#x94D;&#x930; &#x92A;&#x94D;&#x930;&#x915;&#x93E;&#x936;</subfield>
  </datafield>
  <datafield tag="300" ind1=" " ind2=" ">
    <subfield code="a">136</subfield>
    <subfield code="b">&#x92E;&#x927;&#x94D;&#x92F;&#x92E;</subfield>
  </datafield>
  <datafield tag="600" ind1=" " ind2=" ">
    <subfield code="a">&#x938;&#x902;&#x92D;&#x94B;&#x917;&#x93E;&#x924;&#x941;&#x928; &#x938;&#x92E;&#x93E;&#x927;&#x940;&#x915;&#x921;&#x947;</subfield>
  </datafield>
  <datafield tag="942" ind1=" " ind2=" ">
    <subfield code="c">BOOK</subfield>
  </datafield>
  <datafield tag="999" ind1=" " ind2=" ">
    <subfield code="c">202522</subfield>
    <subfield code="d">202522</subfield>
  </datafield>
</record>
